| 000 | 00794nam a22002777a 4500 | ||
|---|---|---|---|
| 003 | CHAP | ||
| 005 | 20220817043029.0 | ||
| 008 | 971010c19661961 r 00010 d | ||
| 010 | _a63308 | ||
| 011 | _a64280 | ||
| 035 | _a69559 | ||
| 040 | _cCHAP | ||
| 082 | 0 | 4 |
_a153.65 _bG6 |
| 100 | 0 | 0 |
_aGorski, D. P. _950055 |
| 245 | 1 | 0 | _aPensamiento y lenguaje |
| 260 |
_aMéxico, D.F. : _bGrijalbo, _c1966 (c.1961) |
||
| 300 | _a365 p. | ||
| 590 |
_aBATCH-UPD _b10 _c20130110 _lUCH01 _h0931 |
||
| 590 |
_aCONVERSION _b10 _c20130109 _lUCH01 _h1334 |
||
| 650 | 4 | _aLenguaje. | |
| 650 | 4 |
_aPensamiento. _986728 |
|
| 901 | _aBK | ||
| 942 | _cLIBRO | ||
| 949 |
_a153.65 G6 _bBC _cLIBRO _d33724000231569 _eLIBRO _fc.2 _h12690 _i69559 _si |
||
| 949 |
_a153.65 G6 _bBC _cLIBRO _d33724000750170 _eLIBRO _h12689 _i69559 _si |
||
| 999 |
_c63308 _d63308 |
||